[Event "5th Solidarity it"]
[Site "Skopje YUG"]
[Date "1971.11.18"]
[Round "5"]
[White "Gufeld, Eduard"]
[Black "Westerinen, Heikki"]
[Result "1/2-1/2"]
[WhiteElo "2520"]
[BlackElo "2435"]
[EventDate "1971.11.13"]
[PlyCount "81"]
[Source "Perpetual Check"]

1.e4 e5 2.Nf3 Nc6 3.Bb5 a6 4.Ba4 d6 5.Bxc6+ bxc6 6.d4 f6 7.Nc3 Ne7 8.Be3 
Ng6 9.Qd2 Be6 10.h4 h5 11.dxe5 Nxe5 12.Nxe5 fxe5 13.O-O-O Be7 14.Bg5 Rb8 
15.Rdf1 O-O 16.f3 Rf7 17.g3 d5 18.f4 d4 19.Ne2 Bxa2 20.fxe5 Rxf1+ 21.Rxf1 
Bc4 22.Rf5 c5 23.Nf4 Qe8 24.Qa5 Bf8 25.b3 Qc6 26.Nd5 Bxd5 27.exd5 Qxd5 28.
Qxa6 Ra8 29.Qc4 Qxc4 30.bxc4 Ra6 31.Kd2 Re6 32.Kd3 g6 33.Rf6 Rxf6 34.Bxf6 
Kf7 35.Bd8 c6 36.Ke4 Ke6 37.Bc7 Kd7 38.Bb8 Ke6 39.Bc7 Kd7 40.Ba5 Ke6 41.
Bc7 1/2-1/2

[Event "5th Solidarity it"]
[Site "Skopje YUG"]
[Date "1971.11.18"]
[Round "5"]
[White "Polugaevsky, Lev"]
[Black "Ilievski, Dimitar"]
[Result "1-0"]
[WhiteElo "2640"]
[BlackElo "2280"]
[EventDate "1971.11.13"]
[PlyCount "71"]
[Source "Perpetual Check"]

1.c4 e6 2.g3 d5 3.Bg2 dxc4 4.Qa4+ Bd7 5.Qxc4 Bc6 6.Nf3 Nf6 7.Nc3 Nbd7 8.
O-O Be7 9.e4 O-O 10.Rd1 Nb6 11.Qe2 Na4 12.b3 Nxc3 13.dxc3 Qc8 14.Nd4 Bd7 
15.e5 Nd5 16.Bb2 c5 17.Nf5 exf5 18.Bxd5 Rb8 19.c4 Be6 20.Rd2 Qc7 21.Rad1 
Rfd8 22.Rd3 a6 23.a4 h6 24.Bc3 a5 25.Qh5 Bf8 26.Bxe6 fxe6 27.Qg6 Rxd3 28.
Qxe6+ Qf7 29.Qxf7+ Kxf7 30.Rxd3 b6 31.Rd7+ Ke6 32.Rc7 Be7 33.Rc6+ Kd7 34.
Rg6 Bf8 35.h4 Rb7 36.h5 1-0

[Event "5th Solidarity it"]
[Site "Skopje YUG"]
[Date "1971.11.18"]
[Round "5"]
[White "Planinc, Albin"]
[Black "Rajkovic, Dusan"]
[Result "1/2-1/2"]
[WhiteElo "2510"]
[BlackElo "2410"]
[EventDate "1971.11.13"]
[PlyCount "96"]
[Source "Perpetual Check"]

1.g3 e5 2.Bg2 Nf6 3.Nf3 e4 4.Nd4 Nc6 5.Nxc6 bxc6 6.Nc3 d5 7.d3 exd3 8.cxd3
Bg4 9.O-O Qd7 10.Qa4 Be7 11.e4 O-O 12.exd5 cxd5 13.Qxd7 Bxd7 14.Nxd5 Nxd5 
15.Bxd5 Rab8 16.Be3 Rxb2 17.Bxa7 Bb5 18.Rfc1 Rd8 19.Rxc7 Rxd5 20.Rxe7 h5 
21.Rb7 Rd2 22.a4 Ba6 23.Rb6 Ra5 24.d4 Kh7 25.Rb3 Rf5 26.f3 Bd3 27.a5 Rxf3 
28.d5 Be4 29.Rxf3 Bxf3 30.Bf2 Rxd5 31.a6 Rd1+ 32.Rxd1 Bxd1 33.Kg2 Bb3 34.
Kf3 Bd5+ 35.Ke3 f6 36.Kd4 Bg2 37.Kc5 Kg6 38.Kd6 Kf5 39.a7 Ba8 40.Be1 Kg4 
41.Ke6 f5 42.h3+ Kxh3 43.Kxf5 Kg2 44.Kg6 Bf3 45.Kxg7 Kf1 46.Bb4 Kg2 47.Be1
Kf1 48.Bc3 Kg2 1/2-1/2

[Event "5th Solidarity it"]
[Site "Skopje YUG"]
[Date "1971.11.18"]
[Round "5"]
[White "Ostojic, Predrag"]
[Black "Sofrevski, Jovan"]
[Result "1/2-1/2"]
[WhiteElo "2430"]
[BlackElo "2410"]
[EventDate "1971.11.13"]
[PlyCount "115"]
[Source "Perpetual Check"]

1.e4 c5 2.Nf3 Nc6 3.d4 cxd4 4.Nxd4 e6 5.Nc3 a6 6.g3 d6 7.Bg2 Bd7 8.O-O Nf6
9.Re1 Be7 10.Nxc6 Bxc6 11.b3 O-O 12.Bb2 Qc7 13.a4 b6 14.Qe2 Qb7 15.Ba3 Nd7
16.Rad1 Nc5 17.Nd5 Bxd5 18.exd5 e5 19.f4 Bf6 20.Bb2 Nd7 21.Ba3 Nc5 22.Kh1 
exf4 23.gxf4 Qd7 24.Qf3 Rae8 25.Bh3 Qd8 26.Bf1 Qc8 27.Bh3 Qa8 28.a5 bxa5 
29.Bxc5 dxc5 30.Bd7 Rxe1+ 31.Rxe1 Qd8 32.Bc6 Qd6 33.Re4 g6 34.Ra4 Bd8 35.
Qe2 Bc7 36.Rc4 Rb8 37.Qe3 Rb4 38.Qxc5 Rxc4 39.Qxc4 Qxf4 40.Qxf4 Bxf4 41.
Bb7 Kf8 42.Bxa6 Ke7 43.Bb5 Be5 44.Kg2 f5 45.h3 Bc3 46.Kf3 Bb4 47.Ke3 Kd6 
48.Kd3 Kxd5 49.c3 Bc5 50.b4 axb4 51.cxb4 Bb6 52.Bc4+ Ke5 53.Bg8 Kf6 54.Ke2
h5 55.Bc4 g5 56.Kf1 g4 57.hxg4 fxg4 58.Bb5 1/2-1/2

[Event "5th Solidarity it"]
[Site "Skopje YUG"]
[Date "1971.11.19"]
[Round "6"]
[White "Damjanovic, Mato"]
[Black "Sofrevski, Jovan"]
[Result "1-0"]
[WhiteElo "2490"]
[BlackElo "2410"]
[EventDate "1971.11.13"]
[PlyCount "65"]
[Source "Perpetual Check"]

1.e4 c5 2.Nf3 Nc6 3.Bb5 d6 4.O-O Bg4 5.h3 Bh5 6.Re1 Qb6 7.Nc3 e6 8.a4 a6 
9.a5 Qc7 10.Bxc6+ Qxc6 11.Nd5 Ne7 12.Nb6 Rd8 13.d3 Nc8 14.Nxc8 Rxc8 15.b3 
Be7 16.Bb2 O-O 17.Qe2 Qc7 18.Qe3 Qd8 19.Nd2 e5 20.f4 exf4 21.Qxf4 Bg5 22.
Qg3 Bg6 23.Nf3 Be7 24.Rf1 d5 25.exd5 Qxd5 26.Rae1 Bd8 27.Bc3 Bc7 28.Qg4 f6
29.Re7 Bd6 30.Rd7 Rc7 31.Rxc7 Bxc7 32.Nh4 Bh5 33.Nf5 1-0

[Event "5th Solidarity it"]
[Site "Skopje YUG"]
[Date "1971.11.19"]
[Round "6"]
[White "Rajkovic, Dusan"]
[Black "Ostojic, Predrag"]
[Result "1-0"]
[WhiteElo "2410"]
[BlackElo "2430"]
[EventDate "1971.11.13"]
[PlyCount "80"]
[Source "Perpetual Check"]

1.c4 g6 2.g3 Bg7 3.Bg2 d6 4.Nf3 Nf6 5.Nc3 O-O 6.O-O Nc6 7.Rb1 e5 8.b4 Bf5 
9.d3 Qd7 10.b5 Nd8 11.Nd2 Bh3 12.Nb3 a6 13.a4 axb5 14.axb5 Bxg2 15.Kxg2 
Ne6 16.Be3 Ng4 17.Bd2 f5 18.e4 Nf6 19.f3 c6 20.Qe2 h5 21.Ra1 h4 22.Na4 Qe8
23.Nc3 Qf7 24.b6 Nd7 25.Ra7 Nxb6 26.Rfa1 Rxa7 27.Rxa7 Nd4 28.Nxd4 exd4 29.
Nd1 fxe4 30.fxe4 Be5 31.Nf2 hxg3 32.hxg3 Nc8 33.Ra1 Qe6 34.Rb1 Qd7 35.Ng4 
Bg7 36.Rh1 Rf7 37.Bh6 Ne7 38.Rh4 c5 39.Qd2 Qe6 40.Qg5 {time} 1-0

[Event "5th Solidarity it"]
[Site "Skopje YUG"]
[Date "1971.11.19"]
[Round "6"]
[White "Ilievski, Dimitar"]
[Black "Planinc, Albin"]
[Result "1-0"]
[WhiteElo "2280"]
[BlackElo "2510"]
[EventDate "1971.11.13"]
[PlyCount "98"]
[Source "Perpetual Check"]

1.e4 g6 2.d4 Bg7 3.c3 d6 4.Nf3 Nf6 5.Bd3 O-O 6.O-O Nbd7 7.h3 e5 8.dxe5 
dxe5 9.Be3 Qe7 10.Nbd2 Nc5 11.Bc2 Rd8 12.Qb1 Nh5 13.Nb3 Ne6 14.Rd1 Bd7 15.
Rd2 Nef4 16.Qf1 b6 17.Rad1 f5 18.Nc1 Kh8 19.Qc4 c5 20.Qa6 Qe8 21.Qb7 Nf6 
22.Bxf4 exf4 23.e5 Bc6 24.Rxd8 Bxb7 25.Rxe8+ Nxe8 26.Ng5 h6 27.Nf7+ Kh7 
28.Ba4 Ba6 29.Bc6 Rc8 30.Bd7 Rb8 31.b3 Nc7 32.c4 Kg8 33.e6 Kf8 34.Nd3 g5 
35.Nde5 Bb7 36.f3 Ke7 37.Ng6+ Kf6 38.Nfe5 Bf8 39.Bc6 Bxc6 40.Nxc6 Re8 41.
Nxf8 Rxf8 42.e7 Re8 43.Rd7 Ne6 44.Rxa7 h5 45.Rb7 g4 46.Rxb6 Kg5 47.Kf2 
gxh3 48.gxh3 Nd4 49.Rb8 Rc8 1-0

[Event "5th Solidarity it"]
[Site "Skopje YUG"]
[Date "1971.11.19"]
[Round "6"]
[White "Langeweg, Christian"]
[Black "Polugaevsky, Lev"]
[Result "0-1"]
[WhiteElo "2425"]
[BlackElo "2640"]
[EventDate "1971.11.13"]
[PlyCount "74"]
[Source "Perpetual Check"]

1.Nf3 c5 2.c4 Nf6 3.Nc3 d5 4.cxd5 Nxd5 5.e3 Nxc3 6.bxc3 g6 7.Qa4+ Nd7 8.d4
Bg7 9.Be2 O-O 10.O-O Qc7 11.Ba3 b6 12.Rac1 Bb7 13.Rfd1 e6 14.c4 Rfd8 15.
Qb3 Rac8 16.Bb2 Nb8 17.Ba1 cxd4 18.exd4 Nc6 19.Qe3 Ne7 20.Bd3 Bxf3 21.Qxf3
Nc6 22.d5 Bxa1 23.Rxa1 Ne5 24.Qe2 exd5 25.cxd5 Rxd5 26.Ba6 Rcd8 27.Rxd5 
Rxd5 28.Re1 Qc3 29.h3 Kg7 30.Qe3 Qxe3 31.Rxe3 Ra5 32.Be2 Kf6 33.a3 g5 34.
g3 a6 35.f4 gxf4 36.gxf4 Ng6 37.Rb3 b5 0-1

[Event "5th Solidarity it"]
[Site "Skopje YUG"]
[Date "1971.11.19"]
[Round "6"]
[White "Tringov, Georgi"]
[Black "Gufeld, Eduard"]
[Result "1-0"]
[WhiteElo "2490"]
[BlackElo "2520"]
[EventDate "1971.11.13"]
[PlyCount "89"]
[Source "Perpetual Check"]

1.e4 c5 2.Nf3 d6 3.d4 cxd4 4.Nxd4 Nf6 5.Nc3 Nc6 6.Bg5 Bd7 7.Qd2 Nxd4 8.
Qxd4 Qa5 9.Bd2 Rc8 10.Bd3 e5 11.Qe3 a6 12.O-O Be7 13.Qg3 O-O 14.Nd5 Qd8 
15.Ba5 Qe8 16.Nc7 Rxc7 17.Bxc7 Nh5 18.Qe3 Nf4 19.Rfd1 Bc6 20.f3 f5 21.exf5
Qh5 22.Bf1 Rf6 23.Rd2 Qxf5 24.Rad1 Qg6 25.Kh1 h5 26.c4 h4 27.c5 h3 28.cxd6
hxg2+ 29.Bxg2 Nxg2 30.Rxg2 Rxf3 31.Qe2 Re3 32.Qc4+ Qf7 33.Qxf7+ Kxf7 34.
dxe7 Re2 35.Rg1 Kxe7 36.h3 Kd7 37.Ba5 Rxb2 38.Kh2 Bxg2 39.Rxg2 Rxg2+ 40.
Kxg2 Ke6 41.Kf3 Kf5 42.Bb6 g6 43.a4 Kg5 44.Bd8+ Kf5 45.a5 1-0

[Event "5th Solidarity it"]
[Site "Skopje YUG"]
[Date "1971.11.19"]
[Round "6"]
[White "Bukic, Enver"]
[Black "Nicevski, Risto"]
[Result "1/2-1/2"]
[WhiteElo "2465"]
[BlackElo "2410"]
[EventDate "1971.11.13"]
[PlyCount "38"]
[Source "Perpetual Check"]

1.Nf3 c5 2.b3 d5 3.e3 Nc6 4.Bb5 Bd7 5.Bb2 Nf6 6.O-O a6 7.Bxc6 Bxc6 8.Ne5 
Qd6 9.d4 e6 10.Nd2 cxd4 11.Bxd4 Nd7 12.Nxd7 Qxd7 13.c4 Bb4 14.a3 Bxd2 15.
Qxd2 dxc4 16.bxc4 e5 17.Bc3 Qxd2 18.Bxd2 O-O-O 19.Ba5 Rd7 1/2-1/2

[Event "5th Solidarity it"]
[Site "Skopje YUG"]
[Date "1971.11.19"]
[Round "6"]
[White "Janosevic, Dragoljub"]
[Black "Bilek, Istvan"]
[Result "1/2-1/2"]
[WhiteElo "2450"]
[BlackElo "2490"]
[EventDate "1971.11.13"]
[PlyCount "34"]
[Source "Perpetual Check"]

1.e4 g6 2.d4 Bg7 3.c4 d6 4.Nc3 Nc6 5.d5 Nd4 6.Nge2 c5 7.Nxd4 cxd4 8.Nb5 
Qb6 9.Bd3 a6 10.Na3 e5 11.O-O Nf6 12.Rb1 O-O 13.b4 Qc7 14.Bd2 b6 15.Qe2 
Nd7 16.g4 Qd8 17.Nc2 Ra7 1/2-1/2

[Event "5th Solidarity it"]
[Site "Skopje YUG"]
[Date "1971.11.21"]
[Round "7"]
[White "Bilek, Istvan"]
[Black "Damjanovic, Mato"]
[Result "1/2-1/2"]
[WhiteElo "2490"]
[BlackElo "2490"]
[EventDate "1971.11.13"]
[PlyCount "82"]
[Source "Perpetual Check"]

1.c4 Nf6 2.g3 g6 3.Bg2 Bg7 4.Nc3 O-O 5.d3 c5 6.e3 Nc6 7.Nge2 d6 8.O-O Bd7 
9.h3 Rb8 10.b3 Ne8 11.Bb2 Nc7 12.Qd2 b5 13.cxb5 Nxb5 14.Nxb5 Bxb2 15.Qxb2 
Rxb5 16.Rfd1 a5 17.Rac1 Rb6 18.d4 cxd4 19.exd4 Nb4 20.d5 Na6 21.Nd4 a4 22.
Qd2 axb3 23.axb3 Nc7 24.Qe3 Rb8 25.Rc4 e6 26.dxe6 Nxe6 27.Nc6 Bxc6 28.Rxc6
Qg5 29.Qxg5 Nxg5 30.h4 Ne6 31.Bd5 Rfd8 32.Bc4 Rb7 33.Bxe6 fxe6 34.Rcxd6 
Rxd6 35.Rxd6 Rxb3 36.Rxe6 Kf7 37.Ra6 h5 38.Kg2 Rc3 39.Kf1 Rc2 40.Ra3 Kf6 
41.Kg2 Rc5 1/2-1/2

[Event "5th Solidarity it"]
[Site "Skopje YUG"]
[Date "1971.11.21"]
[Round "7"]
[White "Nicevski, Risto"]
[Black "Janosevic, Dragoljub"]
[Result "1/2-1/2"]
[WhiteElo "2410"]
[BlackElo "2450"]
[EventDate "1971.11.13"]
[PlyCount "31"]
[Source "Perpetual Check"]

1.e4 c5 2.Nf3 Nc6 3.d4 cxd4 4.Nxd4 e6 5.Nb5 d6 6.c4 Nf6 7.N1c3 a6 8.Na3 
Be7 9.Be2 O-O 10.O-O Bd7 11.Be3 Rb8 12.f4 Qa5 13.Nc2 Rfc8 14.a3 Qc7 15.Rc1
Na5 16.Nd4 1/2-1/2

[Event "5th Solidarity it"]
[Site "Skopje YUG"]
[Date "1971.11.21"]
[Round "7"]
[White "Gufeld, Eduard"]
[Black "Bukic, Enver"]
[Result "1-0"]
[WhiteElo "2520"]
[BlackElo "2465"]
[EventDate "1971.11.13"]
[PlyCount "59"]
[Source "Perpetual Check"]

1.Nf3 c5 2.c4 Nf6 3.Nc3 d5 4.cxd5 Nxd5 5.g3 Nc6 6.Bg2 Nc7 7.O-O e5 8.a3 f6
9.d3 Be6 10.Be3 Qd7 11.Ne4 Nd4 12.Rc1 Na6 13.Bxd4 cxd4 14.e3 dxe3 15.fxe3 
Bd6 16.d4 exd4 17.Nxd4 Be5 18.Nxe6 Qxe6 19.Ng5 Qb6 20.Qd5 Qxe3+ 21.Kh1 
Qxg5 22.Qe6+ Kf8 23.Rc8+ Rxc8 24.Qxc8+ Ke7 25.Qxh8 h5 26.Rd1 Nc5 27.Qd8+ 
Kf7 28.Qd5+ Kg6 29.Qxc5 h4 30.Be4+ 1-0

[Event "5th Solidarity it"]
[Site "Skopje YUG"]
[Date "1971.11.21"]
[Round "7"]
[White "Planinc, Albin"]
[Black "Langeweg, Christian"]
[Result "1-0"]
[WhiteElo "2510"]
[BlackElo "2425"]
[EventDate "1971.11.13"]
[PlyCount "55"]
[Source "Perpetual Check"]

1.g3 Nf6 2.Bg2 d5 3.d3 c6 4.Nd2 e5 5.Ngf3 Bd6 6.O-O O-O 7.e4 Re8 8.Re1 
Nbd7 9.a4 a5 10.exd5 cxd5 11.Nb1 h6 12.Nc3 Bb4 13.Bd2 e4 14.Nh4 Nc5 15.d4 
Na6 16.Bf1 Bg4 17.Be2 Bxe2 18.Rxe2 Qd7 19.Nb5 Bxd2 20.Qxd2 Nb4 21.Qf4 Qh3 
22.Rae1 Re6 23.Nc7 Ng4 24.f3 exf3 25.Qxf3 Rxe2 26.Rxe2 Rc8 27.Nxd5 Nc6 28.
Nf4 1-0

[Event "5th Solidarity it"]
[Site "Skopje YUG"]
[Date "1971.11.21"]
[Round "7"]
[White "Ostojic, Predrag"]
[Black "Ilievski, Dimitar"]
[Result "1-0"]
[WhiteElo "2430"]
[BlackElo "2280"]
[EventDate "1971.11.13"]
[PlyCount "67"]
[Source "Perpetual Check"]

1.e4 e6 2.d4 d5 3.Nd2 Nf6 4.e5 Ng8 5.Bd3 b6 6.c3 Qd7 7.Qe2 a5 8.f4 Ba6 9.
Ngf3 Bxd3 10.Qxd3 h5 11.O-O Nh6 12.g3 Be7 13.h3 c5 14.Rf2 Nc6 15.Nf1 Rc8 
16.Be3 a4 17.a3 Na5 18.Rg2 Nb3 19.Rd1 Nf5 20.Bf2 cxd4 21.cxd4 Nc1 22.Qd2 
Nb3 23.Qe2 Rc7 24.g4 hxg4 25.hxg4 Nh6 26.Ne3 Bd8 27.Rh2 Rf8 28.Kg2 Rc1 29.
Rxc1 Nxc1 30.Qc2 Nb3 31.Qh7 Ng8 32.Qxg7 f6 33.Qg6+ Qf7 34.Qd3 1-0

[Event "5th Solidarity it"]
[Site "Skopje YUG"]
[Date "1971.11.21"]
[Round "7"]
[White "Sofrevski, Jovan"]
[Black "Rajkovic, Dusan"]
[Result "1-0"]
[WhiteElo "2410"]
[BlackElo "2410"]
[EventDate "1971.11.13"]
[PlyCount "96"]
[Source "Perpetual Check"]

1.Nf3 c5 2.c4 g6 3.d4 cxd4 4.Nxd4 Bg7 5.e4 Nc6 6.Be3 d6 7.Nc3 Nh6 8.Be2 f5
9.exf5 gxf5 10.Bh5+ Nf7 11.Bxf7+ Kxf7 12.Qh5+ Kf8 13.Nxf5 Bxc3+ 14.bxc3 
Bxf5 15.Qxf5+ Ke8 16.O-O Qa5 17.c5 Rd8 18.Qh5+ Kd7 19.Qg4+ Kc7 20.cxd6+ 
exd6 21.c4 Rhg8 22.Qe2 Qf5 23.Kh1 Rde8 24.Rfd1 Re6 25.Qd3 Qg4 26.Qxh7+ Re7
27.Qh3 Qe4 28.Qf3 Qxf3 29.gxf3 Rf7 30.f4 b6 31.Rd5 Rh8 32.Kg2 Na5 33.Rc1 
Rfh7 34.Rg5 Rxh2+ 35.Kf3 Kc6 36.c5 R8h3+ 37.Ke2 dxc5 38.Bxc5 Rh1 39.Rc2 
Kb5 40.Be7+ Ka4 41.f5 Rh4 42.Kf3 Nc4 43.Re2 R4h3+ 44.Rg3 Rh5 45.Kf4 Rd1 
46.Re4 Kb5 47.Rb3+ Kc6 48.Rxc4+ Kd5 1-0

[Event "5th Solidarity it"]
[Site "Skopje YUG"]
[Date "1971.11.22"]
[Round "8"]
[White "Damjanovic, Mato"]
[Black "Rajkovic, Dusan"]
[Result "1/2-1/2"]
[WhiteElo "2490"]
[BlackElo "2410"]
[EventDate "1971.11.13"]
[PlyCount "26"]
[Source "Perpetual Check"]

1.e4 e5 2.Nf3 Nc6 3.Bb5 a6 4.Ba4 Nf6 5.O-O Be7 6.Bxc6 dxc6 7.d3 Nd7 8.Nbd2
O-O 9.Nc4 f6 10.Nh4 Nc5 11.Nf5 Bxf5 12.exf5 Qd7 13.Qg4 b6 1/2-1/2

[Event "5th Solidarity it"]
[Site "Skopje YUG"]
[Date "1971.11.22"]
[Round "8"]
[White "Ilievski, Dimitar"]
[Black "Sofrevski, Jovan"]
[Result "1/2-1/2"]
[WhiteElo "2280"]
[BlackElo "2410"]
[EventDate "1971.11.13"]
[PlyCount "24"]
[Source "Perpetual Check"]

1.e4 c5 2.Nf3 e6 3.d4 cxd4 4.Nxd4 Nf6 5.Bd3 Nc6 6.Be3 e5 7.Nxc6 dxc6 8.h3 
Be6 9.Qe2 Bd6 10.Nd2 Qe7 11.Bc4 Nd7 12.O-O O-O 1/2-1/2

[Event "5th Solidarity it"]
[Site "Skopje YUG"]
[Date "1971.11.22"]
[Round "8"]
[White "Langeweg, Christian"]
[Black "Ostojic, Predrag"]
[Result "1-0"]
[WhiteElo "2425"]
[BlackElo "2430"]
[EventDate "1971.11.13"]
[PlyCount "65"]
[Source "Perpetual Check"]

1.Nf3 g6 2.d4 Bg7 3.e4 c5 4.d5 d6 5.Be2 Nf6 6.Nc3 O-O 7.O-O Na6 8.h3 Nc7 
9.a4 b6 10.Bf4 Bb7 11.Bc4 a6 12.Re1 Nd7 13.e5 Nxe5 14.Nxe5 dxe5 15.Bxe5 
Qd7 16.Bxg7 Kxg7 17.Qe2 Rfe8 18.Rad1 Rad8 19.Qd3 Qc8 20.Re5 Rd7 21.Qe2 Qa8
22.f4 f6 23.Re3 Kf8 24.Qg4 Qd8 25.f5 Kg7 26.fxg6 h6 27.Ne2 Bc8 28.Qf3 b5 
29.Ng3 bxc4 30.Nf5+ Kg8 31.Nxh6+ Kg7 32.Nf7 Rxd5 33.Nxd8 1-0

[Event "5th Solidarity it"]
[Site "Skopje YUG"]
[Date "1971.11.22"]
[Round "8"]
[White "Westerinen, Heikki"]
[Black "Planinc, Albin"]
[Result "0-1"]
[WhiteElo "2435"]
[BlackElo "2510"]
[EventDate "1971.11.13"]
[PlyCount "80"]
[Source "Perpetual Check"]

1.e4 g6 2.d4 Bg7 3.Nc3 d6 4.Be3 c6 5.a4 d5 6.Nf3 Nh6 7.Qd2 dxe4 8.Bxh6 
Bxh6 9.Qxh6 exf3 10.O-O-O Be6 11.Bd3 Nd7 12.Rhe1 Qa5 13.Rxe6 fxe6 14.Bxg6+
Kd8 15.Be4 fxg2 16.Qg7 Kc7 17.Qg3+ e5 18.Bd5 Nf6 19.Qxe5+ Kb6 20.Bxg2 Qxe5
21.dxe5 Ng4 22.Rd7 a5 23.f4 Raf8 24.Ne2 Nxe5 25.Rxe7 Ng6 26.Re4 Nh4 27.Bh3
Nf3 28.Re3 Nxh2 29.f5 h5 30.Nf4 Rf6 31.Kd2 Ng4 32.Rb3+ Ka7 33.Nxh5 Rd6+ 
34.Ke2 Rxh5 35.Bxg4 Rh2+ 36.Kf3 Rxc2 37.Kg3 Rf6 38.Kf4 Rf8 39.Ke5 Rc4 40.
Rg3 Rg8 0-1

[Event "5th Solidarity it"]
[Site "Skopje YUG"]
[Date "1971.11.22"]
[Round "8"]
[White "Janosevic, Dragoljub"]
[Black "Gufeld, Eduard"]
[Result "1/2-1/2"]
[WhiteElo "2450"]
[BlackElo "2520"]
[EventDate "1971.11.13"]
[PlyCount "69"]
[Source "Perpetual Check"]

1.e4 c5 2.Nf3 Nc6 3.d4 cxd4 4.Nxd4 e6 5.Nc3 Qc7 6.g3 a6 7.Bg2 d6 8.O-O Be7
9.Nxc6 bxc6 10.Na4 Bb7 11.c4 c5 12.Re1 Nf6 13.b3 O-O 14.Bb2 Nd7 15.f4 Rad8
16.Qe2 Bc6 17.Nc3 Bf6 18.Rad1 Bd4+ 19.Kh1 Rfe8 20.Qc2 Nf6 21.Nd5 Bxd5 22.
exd5 exd5 23.cxd5 Bxb2 24.Qxb2 Qa5 25.Rxe8+ Rxe8 26.Bf3 Re1+ 27.Rxe1 Qxe1+
28.Kg2 a5 29.Qf2 Qc1 30.Qe2 h6 31.h4 g5 32.hxg5 hxg5 33.Qe7 Qc2+ 34.Kg1 
Qb1+ 35.Kh2 1/2-1/2

[Event "5th Solidarity it"]
[Site "Skopje YUG"]
[Date "1971.11.22"]
[Round "8"]
[White "Bilek, Istvan"]
[Black "Nicevski, Risto"]
[Result "1/2-1/2"]
[WhiteElo "2490"]
[BlackElo "2410"]
[EventDate "1971.11.13"]
[PlyCount "21"]
[Source "Perpetual Check"]

1.e4 e5 2.Nf3 Nc6 3.Bb5 a6 4.Bxc6 dxc6 5.O-O f6 6.d4 Bg4 7.dxe5 Qxd1 8.
Rxd1 fxe5 9.Be3 Nf6 10.Nbd2 Bd6 11.Re1 1/2-1/2

[Event "5th Solidarity it"]
[Site "Skopje YUG"]
[Date "1971.11.23"]
[Round "9"]
[White "Gufeld, Eduard"]
[Black "Bilek, Istvan"]
[Result "1/2-1/2"]
[WhiteElo "2520"]
[BlackElo "2490"]
[EventDate "1971.11.13"]
[PlyCount "30"]
[Source "Perpetual Check"]

1.e4 g6 2.d4 Bg7 3.c3 d6 4.f4 Nd7 5.Nf3 c5 6.Bc4 cxd4 7.cxd4 Nb6 8.Bb3 d5 
9.e5 Bg4 10.Nc3 e6 11.h3 Bxf3 12.Qxf3 Ne7 13.g4 Nc6 14.Be3 f6 15.h4 Qe7 
1/2-1/2

[Event "5th Solidarity it"]
[Site "Skopje YUG"]
[Date "1971.11.23"]
[Round "9"]
[White "Polugaevsky, Lev"]
[Black "Bukic, Enver"]
[Result "1/2-1/2"]
[WhiteElo "2640"]
[BlackElo "2465"]
[EventDate "1971.11.13"]
[PlyCount "40"]
[Source "Perpetual Check"]

1.c4 g6 2.e4 Bg7 3.d4 d6 4.Nc3 Nf6 5.Be2 O-O 6.Nf3 e5 7.d5 a5 8.O-O Na6 9.
Bg5 h6 10.Bh4 Qe8 11.Ne1 g5 12.Bg3 Nxe4 13.Nxe4 f5 14.Bh5 Qe7 15.f3 fxe4 
16.fxe4 Rxf1+ 17.Kxf1 Nc5 18.Qe2 g4 19.Bxg4 Bxg4 20.Qxg4 Qg5 1/2-1/2

[Event "5th Solidarity it"]
[Site "Skopje YUG"]
[Date "1971.11.23"]
[Round "9"]
[White "Planinc, Albin"]
[Black "Tringov, Georgi"]
[Result "1-0"]
[WhiteElo "2510"]
[BlackElo "2490"]
[EventDate "1971.11.13"]
[PlyCount "75"]
[Source "Perpetual Check"]

1.b3 Nf6 2.Bb2 g6 3.g3 Bg7 4.Bg2 O-O 5.Nf3 d6 6.d4 e5 7.dxe5 Nfd7 8.Nc3 
dxe5 9.e4 c6 10.O-O Re8 11.Ne2 Qc7 12.Ba3 Bf8 13.Bxf8 Nxf8 14.Qd2 Bg4 15.
Ne1 Bxe2 16.Qxe2 Na6 17.Nd3 Ne6 18.f4 exf4 19.gxf4 Nac5 20.Nxc5 Nxc5 21.
Rae1 Rad8 22.Kh1 Qa5 23.f5 Qc3 24.Qf2 Rd7 25.Qh4 a5 26.a3 Qe5 27.b4 axb4 
28.axb4 Na6 29.Re3 Nxb4 30.Rh3 h5 31.Rg3 Rd6 32.Rg5 Rf6 33.Rg1 Qd6 34.Bf3 
Kg7 35.Rxh5 Kf8 36.Rh8+ Ke7 37.e5 Qxe5 38.Re1 1-0

[Event "5th Solidarity it"]
[Site "Skopje YUG"]
[Date "1971.11.23"]
[Round "9"]
[White "Ostojic, Predrag"]
[Black "Westerinen, Heikki"]
[Result "1-0"]
[WhiteElo "2430"]
[BlackElo "2435"]
[EventDate "1971.11.13"]
[PlyCount "137"]
[Source "Perpetual Check"]

1.e4 e5 2.Nf3 Nc6 3.Bb5 a6 4.Ba4 Nf6 5.O-O b5 6.Bb3 Bb7 7.d3 g6 8.Ng5 d5 
9.Nc3 Nd4 10.Nxd5 Nxd5 11.Bxd5 Bxd5 12.exd5 Qxd5 13.c3 Nf5 14.Qf3 Rd8 15.
Re1 Be7 16.Qxd5 Rxd5 17.Nf3 f6 18.d4 exd4 19.g4 Nd6 20.Nxd4 Kd7 21.Nc2 h5 
22.Nb4 Rc5 23.Nd3 Rc4 24.g5 Nf7 25.gxf6 Bxf6 26.Bf4 Rd8 27.Be5 Kc8 28.Bxf6
Rxd3 29.Re7 Nd6 30.Rae1 Rd2 31.R1e2 Rd1+ 32.Re1 Rxe1+ 33.Rxe1 Ra4 34.a3 
Re4 35.Rxe4 Nxe4 36.Bd4 Nd2 37.Be3 Nc4 38.Bc1 Kd7 39.Kf1 Ke6 40.Ke2 Kd5 
41.f3 c6 42.h3 Ne5 43.b3 c5 44.Bd2 c4 45.b4 Nd3 46.Kf1 Ke5 47.Kg2 Kf5 48.
Kg3 g5 49.Be3 Nb2 50.Bc1 Nd1 51.Bd2 Kf6 52.f4 gxf4+ 53.Kxf4 Nf2 54.h4 Ke6 
55.Be3 Nd1 56.Bd4 Kd5 57.Kg5 Ke4 58.Kxh5 Kd3 59.Kg5 Nxc3 60.Be5 Ne4+ 61.
Kf5 c3 62.Bxc3 Nxc3 63.h5 Kc4 64.h6 Kb3 65.h7 Kxa3 66.h8=Q Kxb4 67.Ke5 a5 
68.Kd4 a4 69.Kd3 1-0

[Event "5th Solidarity it"]
[Site "Skopje YUG"]
[Date "1971.11.23"]
[Round "9"]
[White "Sofrevski, Jovan"]
[Black "Langeweg, Christian"]
[Result "1-0"]
[WhiteElo "2410"]
[BlackElo "2425"]
[EventDate "1971.11.13"]
[PlyCount "75"]
[Source "Perpetual Check"]

1.Nf3 Nf6 2.c4 e6 3.Nc3 d5 4.d4 Be7 5.Bg5 O-O 6.e3 h6 7.Bxf6 Bxf6 8.cxd5 
exd5 9.Qd2 Nc6 10.Be2 Ne7 11.O-O b6 12.b4 c6 13.Rac1 a6 14.e4 Ng6 15.e5 
Be7 16.Rb1 Be6 17.Rfd1 Qd7 18.a4 Rfc8 19.h3 c5 20.b5 a5 21.dxc5 Rxc5 22.
Bd3 Rac8 23.Ne2 Bd8 24.Ned4 Be7 25.Nc6 Bf5 26.Nfd4 Bxd3 27.Qxd3 Nf4 28.Qf3
Ne6 29.Nb3 R5xc6 30.bxc6 Qxc6 31.Qxd5 Qxa4 32.Qb7 Rc7 33.Qxb6 Qe4 34.Re1 
Qf4 35.Qxa5 Bb4 36.Qa8+ Bf8 37.Qe4 Qg5 38.Nd4 1-0

[Event "5th Solidarity it"]
[Site "Skopje YUG"]
[Date "1971.11.23"]
[Round "9"]
[White "Rajkovic, Dusan"]
[Black "Ilievski, Dimitar"]
[Result "0-1"]
[WhiteElo "2410"]
[BlackElo "2280"]
[EventDate "1971.11.13"]
[PlyCount "72"]
[Source "Perpetual Check"]

1.d4 d5 2.c4 e6 3.Nc3 Nf6 4.Bg5 Be7 5.e3 h6 6.Bh4 O-O 7.Rc1 b6 8.Bxf6 Bxf6
9.cxd5 exd5 10.Qf3 c6 11.Bd3 Na6 12.Nge2 Nc7 13.O-O g6 14.Rfd1 Bg7 15.e4 
Be6 16.Bc2 Rc8 17.Nf4 Qd7 18.h3 Rfd8 19.Ba4 dxe4 20.Nxe4 Bd5 21.Qd3 Qf5 
22.Nxd5 Nxd5 23.Ng3 Qxd3 24.Rxd3 Nb4 25.Rf3 Bxd4 26.a3 b5 27.Bb3 Nd5 28.
Rc2 c5 29.Rd2 Rc7 30.Ne4 Nb6 31.Rfd3 Rcd7 32.Rf3 c4 33.Ba2 Kg7 34.h4 Be5 
35.Rxd7 Rxd7 36.Nc3 Bxc3 0-1

[Event "5th Solidarity it"]
[Site "Skopje YUG"]
[Date "1971.11.25"]
[Round "10"]
[White "Damjanovic, Mato"]
[Black "Ilievski, Dimitar"]
[Result "1/2-1/2"]
[WhiteElo "2490"]
[BlackElo "2280"]
[EventDate "1971.11.13"]
[PlyCount "94"]
[Source "Perpetual Check"]

1.e4 c5 2.Nf3 d6 3.d4 cxd4 4.Qxd4 Nc6 5.Bb5 Bd7 6.Bxc6 Bxc6 7.c4 Nf6 8.Nc3
g6 9.O-O Bg7 10.Be3 O-O 11.Qd3 b6 12.Rac1 Rc8 13.Bd4 Qd7 14.Nd5 e5 15.
Nxf6+ Bxf6 16.Be3 Bg7 17.Nd2 f5 18.f3 Rf7 19.Nb1 Bf8 20.Nc3 f4 21.Bf2 g5 
22.Rfd1 Qe6 23.Nd5 Rg7 24.Be1 Be8 25.b3 Bh5 26.h3 Be8 27.Kf1 h5 28.Bf2 Rg6
29.Ke2 Qf7 30.a4 g4 31.hxg4 hxg4 32.Rh1 Bd7 33.Rcf1 Be6 34.Rh5 Bg7 35.Rfh1
Qb7 36.Kf1 Qf7 37.Be1 Bxd5 38.exd5 gxf3 39.gxf3 a6 40.R5h2 b5 41.Bh4 bxc4 
42.bxc4 e4 43.Qxe4 Re8 44.Qb1 Bc3 45.Bf2 Bg7 46.Rg2 Rxg2 47.Kxg2 Bf6 
1/2-1/2

[Event "5th Solidarity it"]
[Site "Skopje YUG"]
[Date "1971.11.25"]
[Round "10"]
[White "Langeweg, Christian"]
[Black "Rajkovic, Dusan"]
[Result "1-0"]
[WhiteElo "2425"]
[BlackElo "2410"]
[EventDate "1971.11.13"]
[PlyCount "53"]
[Source "Perpetual Check"]

1.d4 d5 2.c4 e6 3.Nc3 c5 4.e3 Nf6 5.Nf3 Nc6 6.cxd5 Nxd5 7.Bc4 cxd4 8.exd4 
Be7 9.O-O O-O 10.Re1 Nxc3 11.bxc3 Qc7 12.Bd3 b6 13.Qc2 g6 14.Bh6 Re8 15.h4
Bf8 16.Qd2 Bg7 17.Bxg7 Kxg7 18.d5 Ne7 19.c4 exd5 20.h5 f6 21.cxd5 Bg4 22.
h6+ Kh8 23.Bb5 Bxf3 24.Bxe8 Bxd5 25.Qd4 Qd6 26.Bf7 Rf8 27.Re6 1-0